Moyngo, the dream of Maragareum /

The Ikpeng community decides to act out the myth of the origin of the tattooing ceremony, creating this blend of documentary and fiction. The mythical hero, Maragareum, dreams about the collective death of the villagers of his friend's Eptxum's village. As night falls, he hides in the hut,...

Full description

Bibliographic Details
Corporate Authors: Video nas Aldeias (Project), Moygu Association, Documentary Educational Resources (Firm)
Other Authors: Txicão, Kumaré, Txicão, Natuyu, Txicão, Karané
Format: Video
Language:Portuguese
English
Language Notes:Portuguese with English subtitles.
Published: Watertown, MA : Documentary Educational Resources, 2007.
Series:Ethnographic video online.
Subjects:
Online Access:Connect to this streaming video (Alexander Street Press)

MARC

Tag First Indicator Second Indicator Subfields
LEADER 00000cgm a2200000Mi 4500
001 in00005541111
006 m o c
007 vz czazu|
007 cr |||||||||||
008 070227p20072003mau044 g o vlpor d
005 20241201225838.0
035 |a (OCoLC)ocn649690696 
040 |a ALSTP  |b eng  |e pn  |c ALSTP  |d CUS  |d WAU  |d OCLCQ  |d FXGBL  |d OCLCQ  |d OCLCO  |d OCLCQ  |d OCLCA  |d OCLCQ  |d EUW  |d LUN  |d OCLCQ  |d OCLCO  |d OCLCQ  |d EZ9  |d IGB  |d OCLCF  |d MNI  |d OCLCA  |d INT  |d OCLCQ  |d TKN  |d OCLCQ  |d WYU  |d AU@  |d U3G  |d YOU  |d OCLCO  |d OCLCA  |d OCLCL  |d MNU  |d OCLCO 
019 |a 642881797  |a 767643832  |a 908386844  |a 1058798242  |a 1065964886  |a 1077934398  |a 1085193632 
035 |a (OCoLC)649690696  |z (OCoLC)642881797  |z (OCoLC)767643832  |z (OCoLC)908386844  |z (OCoLC)1058798242  |z (OCoLC)1065964886  |z (OCoLC)1077934398  |z (OCoLC)1085193632 
041 1 |a por  |j eng 
041 1 |a eng  |p eng 
043 |a s-bl--- 
050 4 |a GN303 
049 |a TXAM 
245 0 0 |a Moyngo, the dream of Maragareum /  |c Video in the Villages = Video nas Aldeias ; Moygu Association present ; direction and camera, Kumaré Txicão, Natuyu Txicão, Karané Txicão. 
264 1 |a Watertown, MA :  |b Documentary Educational Resources,  |c 2007. 
300 |a 1 online resource (1 streaming video (44 min.)) 
336 |a two-dimensional moving image  |b tdi  |2 rdacontent 
337 |a computer  |b c  |2 rdamedia 
338 |a online resource  |b cr  |2 rdacarrier 
341 0 |a auditory  |b captions 
344 |a digital  |2 rda 
347 |a data file  |2 rda 
380 |a Videorecording 
532 1 |a Closed captioning in English 
518 |a Originally produced in 2003. 
520 |a The Ikpeng community decides to act out the myth of the origin of the tattooing ceremony, creating this blend of documentary and fiction. The mythical hero, Maragareum, dreams about the collective death of the villagers of his friend's Eptxum's village. As night falls, he hides in the hut, and observes the Moyngo ceremony from the spirits of the dead. 
546 |a Portuguese with English subtitles. 
588 0 |a Print version record. 
508 |a Directors, Karané Txicão, Kumaré Txicão, and Natuyu Yuwipo Txicão ; producer, Vincent Carelli. 
650 0 |a Txicaos Indians  |x Social life and customs  |v Drama. 
650 0 |a Txicaos Indians  |x Rites and ceremonies. 
650 0 |a Tattooing  |z Brazil. 
650 0 |a Melodrama  |v Feature. 
650 6 |a Txicao  |x Rites et cérémonies. 
650 6 |a Tatouage  |z Brésil. 
650 7 |a Melodrama  |2 fast 
650 7 |a Tattooing  |2 fast 
651 7 |a Brazil  |2 fast  |1 https://id.oclc.org/worldcat/entity/E39QbtfRB9KGtqfkFTFbfB77QY 
655 4 |a Encoded moving images. 
655 7 |a documentary film.  |2 aat 
655 7 |a Documentary films  |2 fast 
655 7 |a Drama  |2 fast 
655 7 |a Ethnographic films  |2 fast 
655 7 |a Nonfiction films  |2 fast 
655 7 |a Video recordings for the hearing impaired.  |2 lcgft 
655 7 |a Documentary films.  |2 lcgft 
655 7 |a Ethnographic films.  |2 lcgft 
655 7 |a Nonfiction films.  |2 lcgft 
655 7 |a Documentaires.  |2 rvmgf 
655 7 |a Films ethnographiques.  |2 rvmgf 
655 7 |a Films autres que de fiction.  |2 rvmgf 
655 7 |a Vidéos pour personnes handicapées auditives.  |2 rvmgf 
700 1 |a Txicão, Kumaré. 
700 1 |a Txicão, Natuyu. 
700 1 |a Txicão, Karané. 
710 2 |a Video nas Aldeias (Project) 
710 2 |a Moygu Association. 
710 2 |a Documentary Educational Resources (Firm) 
830 0 |a Ethnographic video online. 
856 4 0 |u http://proxy.library.tamu.edu/login?url=https://www.aspresolver.com/aspresolver.asp?ANTH;763701  |z Connect to this streaming video (Alexander Street Press)  |t 0 
955 |a Alexander Street Press subscription streaming video 
994 |a 92  |b TXA 
999 f f |s 9fa5ce22-365d-498f-b4b4-b4f8eec25d00  |i 8d9b14a9-3e1c-4fc2-9e83-324134362c5a  |t 0 
952 f f |a Texas A&M University  |b College Station  |c Electronic Resources  |d Available Online  |t 0  |e GN303   |h Library of Congress classification 
998 f f |a GN303   |t 0  |l Available Online